The Collected Writings of John Maynard Keynes: Activities 1931-1939, World crises and policies in Britain and America : (Record no. 610455)

MARC details
000 -LEADER
fixed length control field 00576nam a2200193 a 4500
001 - CONTROL NUMBER
control field 1770285652659
003 - CONTROL NUMBER IDENTIFIER
control field YourLibrary
005 - DATE AND TIME OF LATEST TRANSACTION
control field 20260205153742.0
008 - FIXED-LENGTH DATA ELEMENTS--GENERAL INFORMATION
fixed length control field 260205s1982##################000#0#eng##
020 ## - INTERNATIONAL STANDARD BOOK NUMBER
International Standard Book Number 9780333107287
082 04 - DEWEY DECIMAL CLASSIFICATION NUMBER
Classification number 330.159
Item number MOG
040 ## - CATALOGING SOURCE
Original cataloging agency YourLibrary
Language of cataloging eng
Transcribing agency YourLibrary
100 1# - MAIN ENTRY--PERSONAL NAME
Personal name Keynes, John Maynard,
Relator term author.
245 10 - TITLE STATEMENT
Title The Collected Writings of John Maynard Keynes: Activities 1931-1939, World crises and policies in Britain and America :
260 ## - PUBLICATION, DISTRIBUTION, ETC.
Date of publication, distribution, etc. 1982.
300 ## - PHYSICAL DESCRIPTION
Extent 658 pages
650 #0 - SUBJECT ADDED ENTRY--TOPICAL TERM
Topical term or geographic name entry element Economics.
942 ## - ADDED ENTRY ELEMENTS (KOHA)
Koha item type English Books
Holdings
Withdrawn status Lost status Damaged status Not for loan Home library Current library Shelving location Date acquired Total Checkouts Full call number Barcode Date last seen Price effective from Koha item type
        Anna Centenary Library Anna Centenary Library 4TH FLOOR, A WING 05.02.2026   330.159 MOG 320232 05.02.2026 05.02.2026 English Books

Find us on the map